书目信息 |
| 题名: |
情商决定孩子的将来
|
|
| 作者: | 周华 著 | |
| 分册: | ||
| 出版信息: | 北京 新华出版社 2007.03 |
|
| 页数: | 160页 | |
| 开本: | 20cm | |
| 丛书名: | ||
| 单 册: | ||
| 中图分类: | B842.6 | |
| 科图分类: | ||
| 主题词: | 心理过程 , 心理状态 | |
| 电子资源: | ||
| ISBN: | 978-7-5011-7726-4 | |
| 000 | 00588nam0 2200229 45 | |
| 001 | 0933461671 | |
| 005 | 20091103091814.14 | |
| 010 | @a978-7-5011-7726-4@dCNY15.00 | |
| 100 | @a20090515d2007 ekmy0 y0120 ea | |
| 102 | @aCN@b130000 | |
| 102 | @aCN@b110000 | |
| 105 | @ay z 000yy | |
| 200 | 1 | @a情商决定孩子的将来@f周华著@Fzhou hua zhu |
| 210 | @a北京@c新华出版社@d2007.03 | |
| 215 | @a160页@d20cm | |
| 606 | 0 | @a心理过程 |
| 606 | 0 | @a心理状态 |
| 690 | @aB842.6@v4 | |
| 701 | 0 | @a周华@Azhou hua@4著 |
| 801 | 0 | @aCN@c20091103 |
| 905 | @a10447@dB842.6@eZ760 | |
| 906 | @d15@n3@r1 | |
| 情商决定孩子的将来/周华著.-北京:新华出版社,2007.03 |
| 160页;20cm |
| ISBN 978-7-5011-7726-4:CNY15.00 |
| ● |
| 相关链接 |
|
|
|
正题名:情商决定孩子的将来
索取号:B842.6/Z760
 
预约/预借
| 序号 | 登录号 | 条形码 | 馆藏地/架位号 | 状态 | 备注 |
| 1 | 893347 | 208933476 | 社科库509/509社科库 37排2列5层/ [索取号:B842.6/Z760] | 在馆 | |
| 2 | 893348 | 208933485 | 社科库509/509社科库 37排2列5层/ [索取号:B842.6/Z760] | 在馆 | |
| 3 | 893349 | 208933494 | 社科库509/509社科库 37排2列5层/ [索取号:B842.6/Z760] | 在馆 |